Name the Airport Quiz Stats

 Plays Quiz Updated Jun 20, 2019

Score 0/20 Timer 05:00
0 Plays Today
IATA Airport % Correct
LHRLondon Heathrow Airport
80.8%
FRAFrankfurt Airport
65.5%
CDGCharles de Gaulle International Airport
62.6%
AMSAmsterdam Airport Schiphol
57.1%
LGWLondon Gatwick Airport
55.7%
DXBDubai International Airport
52.3%
ORDO'Hare International Airport
50.2%
BOSLogan International Airport
45.3%
MDWChicago Midway Airport
45.3%
DCARonald Reagan Washington National Airport
39.1%
IATA Airport % Correct
NRTNarita International Airport
32%
PHXSky Harbor International Airport
21%
ICNIncheon International Airport
21%
YYZLester B. Pearson International
17.8%
LASMcCarran International Airport
16.6%
FCOLeonardo da Vinci International
16.3%
ISTIstanbul Airport
14.4%
DELIndira Gandhi International Airport
14.2%
CCSSimon Bolivar International Airport
7.7%
MEXInternacional Benito Juarez
6.6%

You're not logged in!

Compare scores with friends on all Sporcle quizzes.
OR
Log In

Sporcle TV

Today on Sporcle TV


Watch our educational content, quiz creation guides, and fun videos on Sporcle TV.

Show Comments

Extras

Top Quizzes Today


Score Distribution

Your Account Isn't Verified!

In order to create a playlist on Sporcle, you need to verify the email address you used during registration. Go to your Sporcle Settings to finish the process.

Report this User

Report this user for behavior that violates our Community Guidelines.

Details: